00533nam a2200193 a 4500001001300000003000900013005001700022008004100039020001000080082001700090100002500107245003800132260004500170500003500215505001800250650002000268650002600288700002500314nice12345678IN_TiNIC20260116011851.0050524s1879 newa grp 000 0 urd  ac10000a297.814bAMR aAmritsari, Sanaullah aIslami Hikayaat(13 Muslim Tracts) aNew DelhibVikas Publication Housec1879 aincludes index and biblioraphy2 aVols. 2 and 3 aIslam-Movements aWahabies-Ahl-e-hadees1 aAmritsari, Sanaullah